ბათუმის შოთა რუსთაველის სახელმწიფო უნივერსიტეტის ბიბლიოთეკა

ქართული ენის სახელმძღვანელო (ბიბ.ჩანაწერი № 54525)

000 -LEADER
fixed length control field 00883nam a2200241Ia 4500
001 - CONTROL NUMBER
control field 21589
003 - CONTROL NUMBER IDENTIFIER
control field GE_BSU
008 - FIXED-LENGTH DATA ELEMENTS--GENERAL INFORMATION
fixed length control field 181216s||||||||xx |||||||||||||| ||und||
040 ## - CATALOGING SOURCE
Transcribing agency GE_BSU
080 ## - UNIVERSAL DECIMAL CLASSIFICATION NUMBER
Universal Decimal Classification number 811.353.1-84(075.8=161.1)
100 ## - MAIN ENTRY--PERSONAL NAME
Personal name კეკელია, შ.
245 ## - TITLE STATEMENT
Title ქართული ენის სახელმძღვანელო
245 ## - TITLE STATEMENT
Remainder of title უმაღლ. სკოლის რუს. განყ-ბის სტუდენტთათვის
250 ## - EDITION STATEMENT
Edition statement საქ. სსრ განათლ. სამინისტრო.
260 ## - PUBLICATION, DISTRIBUTION, ETC.
Place of publication, distribution, etc. თბილისი
260 ## - PUBLICATION, DISTRIBUTION, ETC.
Name of publisher, distributor, etc. ცოდნა
260 ## - PUBLICATION, DISTRIBUTION, ETC.
Date of publication, distribution, etc. 1959
300 ## - PHYSICAL DESCRIPTION
Extent 423გვ. ; 22სმ.
653 ## - INDEX TERM--UNCONTROLLED
Uncontrolled term ქართული ენა
653 ## - INDEX TERM--UNCONTROLLED
Uncontrolled term ქართული ენის სახელმძღვანელო
942 ## - ADDED ENTRY ELEMENTS (KOHA)
Koha item type წიგნი
ეგზემპლარები
Withdrawn status Lost status Damaged status Not for loan Date acquired Barcode Date last seen Price effective from Koha item type
        2018-12-17 55617 2018-12-17 2018-12-17 წიგნი
        2018-12-17 55616 2018-12-17 2018-12-17 წიგნი